MARC

LEADER 00000nam0a2200000 4500
001 192615
005 20231031181427.0
010 |a 5292003476 
035 |a (RuTPU)RU\TPU\book\210034 
090 |a 192615 
100 |a 20110304d1990 m y0rusy50 ca 
101 0 |a rus 
102 |a RU 
105 |a y z 001zy 
200 1 |a Принцип детерминизма и основные законы диалектики  |f А. С. Борщов 
210 |a Саратов  |c Изд-во Саратовского университета  |d 1990 
215 |a 149 с. 
320 |a Библиогр. в примеч. 
610 1 |a детерминизм 
610 1 |a диалектика 
610 1 |a основные законы 
610 1 |a отрицание 
610 1 |a противоречия 
610 1 |a развитие 
610 1 |a качественные изменения 
610 1 |a количественные изменения 
610 1 |a многообразия 
686 |a А512.71  |v LBC/SL-A  |2 rubbk 
700 1 |a Борщов  |b А. С.  |g Александр Сергеевич 
801 1 |a RU  |b 63413507  |c 20110304 
801 2 |a RU  |b 63413507  |c 20110315  |g RCR 
942 |c BK